| 000 | 00408nam a2200145Ia 4500 | ||
|---|---|---|---|
| 008 | 231129s2007||||xx |||||||||||||| ||spa|| | ||
| 020 | _a978-958-97584-9-6 | ||
| 040 | _bspa | ||
| 082 | _a306.362 E43i | ||
| 100 | _aEljach Matilde | ||
| 245 | 0 | _aLa impronta de Caín: rastros de la esclavización | |
| 260 | _c2007 | ||
| 264 | _aEdiciones Axis Mundi | ||
| 942 |
_2ddc _cBKS |
||
| 999 |
_c17371 _d17371 |
||